The royal penitent : In three parts. : To which is added, David's lamentation over Saul and Jonathan. /

Bibliographic Details
Main Author: Porter, Sarah, active 1793-
Format: eBook
Language:English
Series:Early American imprints. Evans (1639-1800) ; no. 23710.
Subjects:
Online Access:Evans Digital Edition

MARC

Tag First Indicator Second Indicator Subfields
LEADER 00000cam a22000001a 4500
001 in00002147136
006 m e d #
007 cr mn mmmmabba
008 870106s1791 nhu s 000 0 eng d
005 20260331161523.7
035 |z w030160 
035 |a MAAR8701061203B 
035 |9 mwa91-10930 
035 |a 343494 
035 |a aas03030160 
040 |a MWA  |c MWA  |e bdrb  |d UtOrBLW 
100 1 |a Porter, Sarah,  |d active 1793- 
245 1 4 |a The royal penitent :  |b In three parts. : To which is added, David's lamentation over Saul and Jonathan. /  |c By Mrs. Sarah Porter, of Plymouth in Newhampshire. ; [Four lines from Pope]. 
264 3 |a Concord [N.H.] :  |b Printed by George Hough, and sold at his office, wholesale and retail,  |c M.DCC.XCI. [1791] 
300 |a 19 pages, 1 unnumbered page 
336 |a text  |b txt  |2 rdacontent 
337 |a computer  |b c  |2 rdamedia 
338 |a online resource  |b cr  |2 rdacarrier 
500 |a A poetic version of the prophet Nathan's parable of the ewe-lamb (II Samuel xii). 
500 |a In verse. 
510 4 |a Evans  |c 23710 
530 |a Microform version available in the Readex Early American Imprints series. 
533 |a Electronic text and image data.  |b [Chester, Vt. :  |c Readex, a division of Newsbank, Inc.,  |d 2002-2004.  |e Includes files in TIFF, GIF and PDF formats with inclusion of keyword searchable text.  |f (Early American imprints. First series ; no. 23710). 
500 |a Electronic resource. 
600 0 0 |a David,  |c King of Israel  |v Poetry. 
655 7 |a Poems  |y 1791.  |2 rbgenr 
700 1 2 |a Porter, Sarah,  |d active 1793-  |t David's lamentation over Saul and Jonathan. 
752 |a United States  |b New Hampshire  |d Concord. 
830 0 |a Early American imprints.  |n Series I,  |p Evans (1639-1800) ;  |v no. 23710. 
856 4 1 |u http://proxy.library.tamu.edu/login?url=https://opac.newsbank.com/select/evans/23710  |y Evans Digital Edition  |t 0 
999 |a MARS 
999 f f |s af762216-6835-3b27-b8fa-f8cce4487de4  |i c5937431-45f6-3936-b4cb-2b3ba71059b8  |t 0 
952 f f |a Texas A&M University  |b College Station  |c Electronic Resources  |s www_evans  |d Available Online  |t 0  |h No information provided 
998 f f |t 0  |l Available Online